| 000 | 00927cam a22002895a 4500 | ||
|---|---|---|---|
| 001 | 016536567 | ||
| 003 | OSt | ||
| 005 | 20160131152034.0 | ||
| 008 | 130930t2014 moua frb 001 0 eng d | ||
| 020 | _a9780323096331 (hbk.) | ||
| 040 |
_aStDuBDS _beng _cStDuBDS _dEG-ScBUE _dEG-ScBUE |
||
| 082 | 0 | 4 |
_a617.6 _bORA _222 |
| 245 | 0 | 0 |
_aOral radiology : _bprinciples and interpretation / _c[edited by] Stuart C. White, Michael J. Pharoah. |
| 250 | _a7th ed. | ||
| 260 |
_aLouis : _bElsevier, _cc.2014. |
||
| 300 |
_axv, 679 p. : _bill. (col.) ; _c29 cm. |
||
| 500 | _aIndex : p. 653-679. | ||
| 504 | _aIncludes bibliographical references. | ||
| 650 | 0 |
_aTeeth _xRadiography. _2BUEsh |
|
| 650 | 0 |
_aMouth _xRadiography. _2BUEsh |
|
| 650 | 0 |
_aJaws _xRadiography. _2BUEsh |
|
| 651 | _2BUEsh | ||
| 653 |
_bDDent _cJune2015 _cJanuary2016 |
||
| 700 | 1 |
_aWhite, Stuart C., _eeditor. |
|
| 700 | 1 |
_aPharoah, M. J., _eeditor. |
|
| 942 | _2ddc | ||
| 999 |
_c20076 _d20048 |
||